| 000 | 00901nam a22002057a 4500 | ||
|---|---|---|---|
| 003 | OSt | ||
| 005 | 20160620110302.0 | ||
| 008 | 150408b xxu||||| |||| 00| 0 eng d | ||
| 040 | _cBMC | ||
| 082 | _a657 | ||
| 100 | 1 |
_935601 _aGutiérrez Alarcón, Saúl Antonio |
|
| 245 | 1 | 0 |
_aPasantía de auxiliar contable en la Alcaldía Municipal de Santa Ana _b: Informe final _cSaúl Antonio Gutiérrez Alarcón |
| 260 |
_aSanta Ana (El Salvador) _bUniversidad Católica de El Salvador _c2008 |
||
| 300 |
_a1 v. (pág. var.) _c28 cm _e+1 disco compacto |
||
| 500 | _aPrecede al tít.: Universidad Católica de El Salvador, Facultad de Ciencias Económicas | ||
| 502 | _aTrabajo de graduación para optar al grado académico de Licenciatura en Contaduría Pública | ||
| 650 | 2 | 4 |
_9877 _aContabilidad |
| 710 | 2 |
_91067 _aUniversidad Católica de El Salvador _bFacultad de Ciencias Empresariales |
|
| 942 |
_2ddc _cTG |
||
| 999 |
_c21902 _d21902 |
||